Engineering Chemistry and Environmental Studies (Record no. 5610)

MARC details
000 -LEADER
fixed length control field 00382nam a22001577a 4500
005 - DATE AND TIME OF LATEST TRANSACTION
control field 20170925151719.0
008 - FIXED-LENGTH DATA ELEMENTS--GENERAL INFORMATION
fixed length control field 170925b xxu||||| |||| 00| 0 eng d
020 ## - INTERNATIONAL STANDARD BOOK NUMBER
ISBN 978-81-224-2765-3
041 ## - LANGUAGE CODE
Language code of text/sound track or separate title eng
082 ## - DEWEY DECIMAL CLASSIFICATION NUMBER
Classification number 660
100 ## - MAIN ENTRY--AUTHOR NAME
Personal name Allaappa,Rao
245 ## - TITLE STATEMENT
Title Engineering Chemistry and Environmental Studies
260 ## - PUBLICATION, DISTRIBUTION, ETC. (IMPRINT)
Place of publication New Delhi
Name of publisher NeW Age
300 ## - PHYSICAL DESCRIPTION
Number of Pages 299
942 ## - ADDED ENTRY ELEMENTS (KOHA)
Koha item type Books
Holdings
Lost status Damaged status Collection code Home library Current library Shelving location Date acquired Source of acquisition Cost, normal purchase price Full call number Accession Number Koha item type
    MANAGEMENT JRU Library JRU Library SHELF-50-E 25/09/2017 Purchase 125.00 660 22112 Books
    MANAGEMENT JRU Library JRU Library SHELF-50-E 25/09/2017 Purchase 125.00 660 22113 Books